000 00316 a2200157 4500
001 177825
020 _a
040 _cMagnum
100 _aJose, Elias
240 1 0 _aToda sorte de magia
_lpor
245 1 0 _aToda sorte de magia
362 0 _a1899
440 1 _aLĂȘ
697 _aMAGNITO: J/FICCAO
942 _cBK
999 _c177825
_d177825